00920nam a22002297a 4500999001700000003000900017008004100026040007100067082001700138110007800155245002500233260002600258300002700284440004400311505014100355650002100496650001800517650002300535942001600558945002000574952009600594 c13638d13638AR-CdUCM190416b ||||| |||| 00| 0 spa d aMUNICIPALIDAD PROVINCIAL DEL CUSCOcBIBLIOTECA MUNICIPAL DEL CUSCO a070 /bEV96  a Comisión evangélica latinoamericana de educación cristiana 932125 aPeriodismo popular / aLimabCELADEC,c1980. a56 páginas ;c21 cm. aCuadernos de capacitación. n9932126 aContenido : El periodismo popular : Una alternativa -- Funciones del periodismo popular -- Características del periodismo popular ...  aPeriodismo91929 aPopular91072 aPeriódico932127 2ddccLIBROS arahd16/04/2019 002ddc4070aSHbSHcCARTd2019-04-16g30.00o070 / EV96pSH0000010665r2019-04-16yLIBROS